Οι αλληλοασφαλιστικοί οργανισμοί προστασίας και αποζημίωσης (P & Ι Clubs) και οι κίνδυνοι που καλύπτουν : πτυχιακή εργασία
Saved in:
| Main Author: | |
|---|---|
| Corporate Author: | |
| Other Authors: | |
| Format: | Thesis Book |
| Language: | Greek |
| Published: |
2007
|
| Subjects: | |
| Online Access: | http://hdl.handle.net/11610/9728 |
| Tags: |
Add Tag
No Tags, Be the first to tag this record!
|
MARC
| LEADER | 00000cam a2200000 i 4500 | ||
|---|---|---|---|
| 001 | 1/72350 | ||
| 008 | 080124s2007 gre d | ||
| 035 | |l 10094122 | ||
| 040 | |a GR-MY-UA |b gre |e aacr | ||
| 041 | 0 | |a gre | |
| 082 | 0 | |a 368.22 |2 (22) | |
| 100 | 1 | |a Τσιμπούρα, Ειρήνη. | |
| 245 | 1 | 3 | |a Οι αλληλοασφαλιστικοί οργανισμοί προστασίας και αποζημίωσης (P & Ι Clubs) και οι κίνδυνοι που καλύπτουν : |b πτυχιακή εργασία / |c Τσίμπουρα Ειρήνη ; επιβλέπων καθηγητής: Μπεχλιβάνης Αχιλλέας |
| 260 | |c 2007 | ||
| 300 | |a 69 σ.; |c 30 εκ. | ||
| 502 | # | # | |a Πτυχιακή εργασία – Πανεπιστήμιο Αιγαίου, Χίος, 2007. |
| 504 | |a Περιλαμβάνει βιβλιογραφία | ||
| 610 | 2 | 0 | |a Πανεπιστήμιο Αιγαίου. |
| 650 | 0 | 0 | |a Insurance, Marine. |
| 650 | 0 | 0 | |a Ships |x Safety regulations. |
| 650 | 0 | 0 | |a Ships |x Safety measures. |
| 650 | 0 | 0 | |a Navigation |x Safety measures. |
| 650 | 0 | 0 | |a Dissertations, Academic |z Greece. |
| 700 | 0 | |a Μπεχλιβάνης, Αχιλλέας. |4 ths | |
| 710 | 1 | |a Πανεπιστήμιο Αιγαίου |b Σχολή Επιστημών της Διοίκησης |b Τμήμα Διοίκησης Επιχειρήσεων - Τ.Δ.Ε. | |
| 852 | |a INST |b CHIOS |c DIATR |e 20080124 |h 368.22 ΤΣΙ |p 005200027876 |q 005200027876 |t DIE |y 23 | ||
| 852 | |a INST |b CHIOS |c DIATR |e 20080124 |h 368.22 ΤΣΙ |p 005200027877 |q 005200027877 |t DIE |y 23 | ||
| 856 | |u http://hdl.handle.net/11610/9728 | ||
| 901 | |a BIBL2-2008-1 | ||
| 909 | |a Χ |b 146336 | ||
| 909 | |a Χ |b 146335 | ||
| 924 | |a ΤΣΙΜΠΟΥΡΑ |b ΕΙΡΗΝΗ |y ΧΙΟΣ |z 2007-11 | ||
| 970 | |a ΑΤΣΑΛΗ |b ΔΕΣΠΟΙΝΑ |z 2008/01/24 | ||